000 00412nam a2200181Ia 4500
008 210210b1936 xxu||||| |||| 00| 0 eng d
041 _aeng
082 _a570/60
100 _aROAF (H E)
245 _aText book of physiology
260 _aLondon
_bEdward Arnold & Co
_c1936
650 _aText
650 _aphysiology
650 _aof
650 _abook
690 _aHuman Physiology
906 _a010252
999 _c138020
_d138020